10 największych miast w średniowiecznej Europie - Statystyki

Ogólne statystyki
  • Ten quiz został rozwiązany 364 razy
  • Średni wynik to 4 z 10
Statystyki odpowiedzi
Ludność Odpowiedź % Poprawnych
250 000 Paryż
95%
400 000 Konstantynopol
73%
200 000 Mediolan
55%
180 000 Wenecja
51%
120 000 Florencja
33%
110 000 Genua
26%
90 000 Sewilla
12%
150 000 Saloniki
7%
150 000 Granada
6%
160 000 Brugia
5%
Nie znaleziono quizów pasujących do podanych kryteriów
Rozkład punktacji
Procent ludzi z każdym wynikiem
Percentyl według liczby udzielonych odpowiedzi
Twoja historia wyników
Nie rozwiązałeś tego quizu